| 000 | 00374 a2200145 4500 | ||
|---|---|---|---|
| 001 | 154179 | ||
| 040 | _cEscola São Tomás de Aquino | ||
| 100 | _aAMADO, Jorge | ||
| 240 | 1 | 0 |
_aA morte e a morte de Quincas Berro Dágua _lpor |
| 245 | 1 | 0 | _aA morte e a morte de Quincas Berro Dágua |
| 362 | 0 | _a1986 | |
| 440 | 1 | _aRecord | |
| 697 | _aLITERATURA BRASILEIRA | ||
| 942 | _cBK | ||
| 999 |
_c154179 _d154179 |
||